000 00829nam a22002177a 4500
005 20100805114114.0
010 _aENG-98272
020 _a9788190908115
_c125.00
035 _aEN-81805
037 _bDBAD/PUB
082 _a519.5
100 _aGiri, Prasanta Kumar
_96557
245 _aIntroduction to business statistics :
_bfor second semester of WBUT /
_cby Prasanta Kumar Giri [and] Jiban Banerjee
260 _aKolkata
_bAcademic Publishers
_c2010
270 _a5A Bhawani Dutta Lane
_bKolkata
_e700073
300 _avii,209p.:
_bill.
_c22cm (pbk)
650 _aStatistical Mathematics
_96558
700 _aBanerjee, Jiban
_96548
942 _2ddc
_cEN
_h519.5
_mGIR
999 _c39377
_d39377